000 01065nam a2200241 a 4500
001 BRCA_9065
005 20190320210518.0
008 040917s1785----sp-#######---#000-0#lat-#
041 _alat
044 _aspa
084 _aCO82
_b.V55 1785
100 1 _aVillanuño, Mathie de (O.S.B)
_921922
245 1 0 _aSumma Conciliorum Hispanie
_bquotquot inveniri potuerunt ad usque saeculum prosimé praeteritum, epistolarum ad hispanos cum earum delectu, notis novisque dissertattionibus adornata
_copera et studio P.M.F. Mathie de Villanuño...
260 _aMatriti
_bApub Joachimum Ibarrada, S.C.R.M. Typograph
_c1785
300 _aVI, 526 p. (t.3)
_c21 x 15.6 cm
500 _aSuperiorum permissu
500 _aEstado físico: presenta encuadernación en pergamino, con cintas y presencia del pez de plata
650 1 4 _aConcilios y sínodos
_xHistoria
_yObras anteriores a 1800
_zEspaña
_921923
650 1 4 _aHistoria religiosa
_yObras abteriores a 1800
_zEspaña
_921924
700 1 _aIbarra, Joaquin
_d1725 - 1785
_eImpresor
_921271
902 _aCFM
942 _2lcc
_cB
999 _c8715
_d8715